01011nam a2200289 a 4500001001000000003000900010005001700019007000300036008004100039040002500080082002300105100004400128245007600172260005100248300002100299504002100320590002800341600005900369650004300428650005500471650001800526700002400544910000700568942001400575952011700589999001500706000003994DO-SdBNP20220927101501.0ta861117s1961 xxua 001 0aeng  aDO-SdBNPbspacBNPHU 4a818.303bT488w2221 aThoreau, Henry David,d1817-186291196710aWalden /cHenry David Thoreau; con comentarios y notas por Larzer Ziff. aNew York :bHolt, Rinehart and Winston,c1961. a332 p. ;c21 cm. aIncluye índice aInventariado, 2022 / DG14aThoreau, Henry David,d1817-1862zMassachusetts911968 4aHistoria naturalzMassachusetts911969 4aAutores americanosy19th SigloxBiografía911970 4aSoledad916451 aZiff, Larzer911971 aDG 2ddccLBS1 00102ddc56708DSaBNPHUbBNPHUcCTd2009-07-15oBNPHU GR 818.303 T488wp3994-10r2020-06-25w2020-06-25yLBS1 c3813d3813